Statistics for States By Largest Company Headquartered There

Click here to take the quiz!

General Stats

  • This quiz has been taken 18 times
  • The average score is 14 of 44

Answer Stats

NumberRevenue (Billions)CompanyState% Correct
12$155.9Ford MotorsMichigan
100%
2$280.5AmazonWashington
94%
1$523.9WalmartArkansas
88%
4$260.1AppleCalifornia
88%
235$13.7Las Vegas SandsNevada
75%
17$142.4JPMorganNew York
75%
3$264.9ExxonMobileTexas
75%
47$69.6FedExTennessee
63%
25$113.5Bank of AmericaNorth Carolina
56%
85$39.1NikeOregon
56%
87$38.4Publix SupermarketsFlorida
44%
26$110.2Home DepotGeorgia
44%
6$254.6Berkshire HathawayNebraska
44%
152$21.5DuPointDelaware
38%
19$136.8WalgreensIllinois
38%
33$95.2General ElectricMassachusetts
38%
10$179.5AmerisourceBergenPennsylvania
38%
13$153.5CignaConnecticut
31%
57$59.8Lockheed MartinMaryland
31%
35$82.1Johnson & JohnsonNew Jersey
31%
740$3.2Zions BankCorpUtah
31%
5$256.7CVS HealthRhode Island
25%
41$75.1Freddie MacVirginia
25%
29$104.2AnthemIndiana
19%
446$6.7Regions FinancialAlabama
13%
110$28.9Arrow ElectronicsColorado
13%
55$60.5AlbertsonsIdaho
13%
7$242.1UnitedHealth GroupMinnesota
13%
16$145.5Cardinal HealthOhio
13%
127$24.1NGL Energy SystemsOklahoma
13%
169$19.5AvnetArizona
6%
810$2.8_____an Electric IndustriesHawaii
6%
201$16.2Principal FinancialIowa
6%
406$7.8Spirit AeroSystemsKansas
6%
52$64.8HumanaKentucky
6%
143$22.4Lumen TechnologiesLouisiana
6%
887$2.4IDEXX LaboratoriesMaine
6%
707$3.4Sanderson FarmsMississippi
6%
42$74.6CenteneMissouri
6%
696$3.5Sprague ResourcesNew Hampshire
6%
524$5.3MDU ResourcesNorth Dakota
6%
517$5.3Sonoco ProductsSouth Carolina
6%
826$2.7NLV FinancialVermont
6%
102$32.2Northwestern MutualWisconsin
6%

Score Distribution

Percentile by Number Answered

Percent of People with Each Score

Your Score History

You have not taken this quiz